000 00875nam a22001577a 4500
003 OSt
005 20160225160320.0
008 160225b xxu||||| |||| 00| 0 eng d
040 _cRUA
082 _aVEM SIE 2014 B434 Or.1
100 _97500
_aSIEN BUNTHORN; សៀង ប៊ុនថន
245 _aStudy on reprodctive inflamatory disease and effect of drugs at golden pig farm teuk phos district, kampong chhnang province; ការសិក្សាអំពីជំងឺរលាកផ្លូវបន្តពូជមេជ្រូកក្រោយសម្រាល និងប្រសិទ្ធភាពឱសថនៅកសិដ្ឋានជ្រូកមាស ក្នុងស្រុកទឹកផុស ខេត្តកំពង់ឆ្នាំង
260 _aPhnom Penh
_bRUA
_c2014
300 _ax;37p.
_bill.
_c29cm.
942 _2ddc
_cVEM
999 _c7089
_d7089